[Event "XXVII OOM - Mistrzostwa Polski Juniorow Mlodszych - Chlopcy do lat 14"]
[Site "ApartHotel Termy Uniejow, ul. Termalna 1, 99-210 Uniejow"]
[Date "1899-12-30"]
[Round "4.13"]
[White "Stanislawski, Karol"]
[Black "Pancewicz, Szymon"]
[Result "1/2-1/2"]
[WhiteTitle "I"]
[BlackTitle "I+"]
[WhiteElo "1621"]
[BlackElo "1872"]

1. d4 d5 2. c4 e6 3. Nf3 Nf6 4. g3 Be7 5. Bg2 O-O 6. O-O dxc4 7. Ne5 Nc6 8. Bxc6
bxc6 9. Nxc6 Qe8 10. Nxe7+ Qxe7 11. Na3 e5 12. dxe5 Qxe5 13. Nxc4 Qh5 14. f3 Qc5+
15. Ne3 Ba6 16. Rf2 Rfe8 17. Qb3 Rad8 18. Qc3 Qd6 19. Kg2 Qd7 20. b3 h5 21. h4
Qe6 22. Bd2 Rxd2 23. Qxd2 Qxe3 24. Qxe3 Rxe3 25. Rc1 Nd5 26. Rc5 Bb7 27. Rb5 Bc6
28. Rc5 Bb7 29. Rb5 Bc6 30. Rc5 Bb7 1/2-1/2

[Event "XXVII OOM - Mistrzostwa Polski Juniorow Mlodszych - Chlopcy do lat 14"]
[Site "ApartHotel Termy Uniejow, ul. Termalna 1, 99-210 Uniejow"]
[Date "1899-12-30"]
[Round "4.14"]
[White "Rylski, Tadeusz"]
[Black "Wiatrowski, Zbigniew"]
[Result "0-1"]
[WhiteTitle "I"]
[BlackTitle "I"]
[WhiteElo "1644"]
[BlackElo "1860"]

1. e4 c5 2. Nf3 Nc6 3. d4 cxd4 4. Nxd4 Nf6 5. Nc3 e5 6. Ndb5 d6 7. Bg5 a6 8. Na3
b5 9. Nd5 Be7 10. Bxf6 Bxf6 11. c3 Bg5 12. Nc2 O-O 13. a4 bxa4 14. Rxa4 a5 15.
Bc4 Rb8 16. b3 Kh8 17. O-O f5 18. exf5 Bxf5 19. Nce3 Bg6 20. Qe2 e4 21. b4 axb4
22. Nxb4 Ne5 23. Bd5 Qe8 24. Ra6 Bh5 25. Qc2 Nf3+ 26. gxf3 Bxf3 27. Ng2 Qg6 28.
Nd3 Bd2 0-1

[Event "XXVII OOM - Mistrzostwa Polski Juniorow Mlodszych - Chlopcy do lat 14"]
[Site "ApartHotel Termy Uniejow, ul. Termalna 1, 99-210 Uniejow"]
[Date "1899-12-30"]
[Round "4.15"]
[White "Wieckowski, Michal"]
[Black "Maj, Samuel"]
[Result "0-1"]
[WhiteTitle "I"]
[BlackTitle "I"]
[WhiteElo "1614"]
[BlackElo "1670"]

1. d4 Nf6 2. c4 c5 3. d5 e6 4. Nc3 exd5 5. cxd5 d6 6. e4 g6 7. Bg5 Bg7 8. Be2 O-O
9. Qd2 a6 10. h4 b5 11. f3 h5 12. Nh3 Nbd7 13. Nf2 Qe8 14. Nd3 Ne5 15. Nxe5 Qxe5
16. O-O Re8 17. Rad1 Rb8 18. Bd3 Nh7 19. Bf4 Qe7 20. g3 Nf8 21. Bh6 Bf6 22. Kg2
Nd7 23. f4 c4 24. Bb1 Nc5 25. Rde1 b4 26. Nd1 Bg4 27. Bg5 Na4 28. e5 Bxg5 29.
hxg5 c3 30. bxc3 bxc3 31. Qd4 Rxb1 32. Qxa4 Rc8 33. Ne3 Rb2+ 34. Rf2 Bh3+ 35.
Kg1 Rxf2 36. Kxf2 dxe5 37. Qxa6 exf4 38. gxf4 c2 39. d6 Qe4 40. Rc1 Qxf4+ 41.
Ke2 Re8 42. Qd3 Bg4+ 0-1

[Event "XXVII OOM - Mistrzostwa Polski Juniorow Mlodszych - Chlopcy do lat 14"]
[Site "ApartHotel Termy Uniejow, ul. Termalna 1, 99-210 Uniejow"]
[Date "1899-12-30"]
[Round "4.16"]
[White "Duda, Szymon"]
[Black "Grot, Blazej"]
[Result "1/2-1/2"]
[WhiteTitle "I"]
[BlackTitle "CM"]
[WhiteElo "1413"]
[BlackElo "1786"]

1. d4 Nf6 2. c4 e6 3. Nf3 Bb4+ 4. Bd2 a5 5. Nc3 b6 6. e3 Bb7 7. Bd3 O-O 8. a3 Bxc3
9. Bxc3 Ne4 10. Bxe4 Bxe4 11. d5 c5 12. h4 exd5 13. cxd5 d6 14. Ng5 Bg6 15. Qg4
h6 16. Nxf7 Rxf7 17. Qxg6 Qe7 18. Rh3 Nd7 19. Qe6 Re8 20. Qxe7 Rexe7 21. Rd1 c4
22. Bd4 Rf5 23. Rg3 Rxd5 24. Ke2 b5 25. Bxg7 Rxd1 26. Bd4+ Kh7 27. Kxd1 Nf8 28.
h5 Ne6 29. Rg6 d5 30. f3 b4 31. axb4 axb4 32. Kd2 Nxd4 33. exd4 Rf7 34. Re6 Rg7
35. g4 Rf7 36. Ke2 Rb7 37. Kd2 Rf7 38. Ke2 Rb7 1/2-1/2

[Event "XXVII OOM - Mistrzostwa Polski Juniorow Mlodszych - Chlopcy do lat 14"]
[Site "ApartHotel Termy Uniejow, ul. Termalna 1, 99-210 Uniejow"]
[Date "1899-12-30"]
[Round "4.17"]
[White "Grzebieniowski, Michal"]
[Black "Jendrowiak, Maciej"]
[Result "1-0"]
[WhiteTitle "I"]
[BlackTitle "II+"]
[WhiteElo "1663"]
[BlackElo "1472"]

1. d4 Nf6 2. Nf3 g6 3. c4 c6 4. Nc3 d5 5. cxd5 cxd5 6. Qb3 Bg7 7. Bg5 e6 8. e3
O-O 9. Bd3 Qb6 10. Qxb6 axb6 11. O-O Nc6 12. Bf4 Ne8 13. a3 Bd7 14. Nb5 f6 15.
Bd6 Nxd6 16. Nxd6 e5 17. dxe5 fxe5 18. e4 Bg4 19. exd5 Na5 20. Ng5 Rad8 21. Nge4
Bf5 22. Rad1 Bxe4 23. Nxe4 Rxd5 24. Bc4 Nxc4 25. Rxd5 Nxb2 26. Rb5 Nc4 27. Rc1
Rd8 28. h3 Rd4 29. Nc3 Bh6 30. Rd1 Nxa3 31. Rxb6 Rxd1+ 32. Nxd1 Nc4 33. Rxb7 Nd6
34. Re7 Nf7 35. Nc3 Kf8 36. Nd5 Bg5 37. Rb7 h6 38. Rb6 Kg7 39. Kf1 Bd8 40. Re6
Bg5 41. Nb6 Bd8 42. Nc4 Bf6 43. Nb6 Ng5 44. Rc6 Kf7 45. Nd5 Ne6 46. Ra6 g5 47.
Ne3 Nc5 48. Rc6 Nd7 49. Rd6 Nc5 50. Ng4 Ne4 51. Rd7+ Kg6 52. f3 Ng3+ 53. Kf2 Nf5
54. Ne3 Nd4 55. Rd6 Kf7 56. Ng4 Bg7 57. Nxh6+ Ke7 58. Rxd4 exd4 59. Nf5+ Kf6 60.
Nxg7 Kxg7 61. Ke2 Kf6 62. Kd3 Ke5 63. Kc4 Kf4 64. Kxd4 Kg3 65. Ke4 Kxg2 66. Kf5
Kxf3 67. Kxg5 Ke4 68. h4 Ke5 69. Kg6 Ke6 70. h5 1-0

[Event "XXVII OOM - Mistrzostwa Polski Juniorow Mlodszych - Chlopcy do lat 14"]
[Site "ApartHotel Termy Uniejow, ul. Termalna 1, 99-210 Uniejow"]
[Date "1899-12-30"]
[Round "4.18"]
[White "Turowski, Maciej"]
[Black "Malinowski, Szymon"]
[Result "0-1"]
[WhiteTitle "II"]
[BlackTitle "I"]
[WhiteElo "1447"]
[BlackElo "1662"]

1. d4 d5 2. c4 e6 3. Nc3 Nf6 4. Bg5 Nbd7 5. cxd5 exd5 6. e3 c6 7. Bd3 Be7 8. Nf3
O-O 9. Qc2 Re8 10. O-O Nf8 11. Rab1 Ng6 12. b4 Ne4 13. Bxe7 Qxe7 14. b5 Bg4 15.
Be2 Bf5 16. Bd3 Nh4 17. Nxh4 Qxh4 18. Bxe4 Rxe4 19. bxc6 bxc6 20. Nxe4 Bxe4 21.
Qxc6 Rf8 22. f3 Bxb1 23. Rxb1 Qg5 24. Rb3 h6 25. Qc7 Qh4 26. g3 Qf6 27. Kf2 Qa6
28. a3 Kh7 29. Rc3 Qb5 30. Qc5 Qb8 31. Qb4 Qd8 32. Rc5 Re8 33. Qb3 Re7 34. Qxd5
Rd7 35. Qc4 g6 36. Qc3 Rb7 37. d5 Qb6 38. f4 Qb1 39. Rc8 Rb2+ 40. Kf3 Qh1+ 0-1

[Event "XXVII OOM - Mistrzostwa Polski Juniorow Mlodszych - Chlopcy do lat 14"]
[Site "ApartHotel Termy Uniejow, ul. Termalna 1, 99-210 Uniejow"]
[Date "1899-12-30"]
[Round "4.19"]
[White "Pieczulis, Hubert"]
[Black "Trzebinski, Patryk"]
[Result "1/2-1/2"]
[WhiteTitle "I"]
[BlackTitle "I+"]
[WhiteElo "1445"]
[BlackElo "1609"]

1. d4 c5 2. d5 e6 3. c4 b5 4. e4 bxc4 5. Bxc4 Ba6 6. Qd3 Nf6 7. Nc3 Bxc4 8. Qxc4
e5 9. f3 Be7 10. Be3 d6 11. Nge2 O-O 12. g4 Nbd7 13. Ng3 Qa5 14. g5 Nb6 15. Qb5
Qxb5 16. Nxb5 Ne8 17. Nf5 Nc8 18. O-O-O Rb8 19. Na3 Nc7 20. f4 Rd8 21. Nxe7+ Nxe7
22. fxe5 Ne8 23. exd6 Nxd6 24. Rhe1 Ng6 25. Bf2 Rb4 26. Bg3 Rxe4 27. Rxe4 Nxe4
28. Bc7 Rd7 29. d6 Nxg5 30. Nb5 Ne6 31. Nxa7 Nxc7 32. dxc7 Rxc7 33. Rd8+ Nf8 34.
Nb5 Rb7 35. a4 g6 36. Rc8 f5 37. Rxc5 Ne6 38. Re5 Ng5 39. a5 Nf3 40. Rd5 Nxh2
41. a6 Rb8 42. a7 Rc8+ 43. Kd1 Ng4 44. Kd2 Nf6 45. Re5 1/2-1/2

[Event "XXVII OOM - Mistrzostwa Polski Juniorow Mlodszych - Chlopcy do lat 14"]
[Site "ApartHotel Termy Uniejow, ul. Termalna 1, 99-210 Uniejow"]
[Date "1899-12-30"]
[Round "4.20"]
[White "Zieba, Hubert"]
[Black "Ugorek, Kacper"]
[Result "1/2-1/2"]
[WhiteTitle "I"]
[BlackTitle "I"]
[WhiteElo "1417"]
[BlackElo "1569"]

1. c4 c5 2. Nc3 Nf6 3. Nf3 d5 4. cxd5 Nxd5 5. g3 g6 6. Bg2 Bg7 7. O-O O-O 8. d4
Nc6 9. Nxd5 Qxd5 10. Ne5 Qxd4 11. Nxc6 bxc6 12. Qxd4 cxd4 13. Bxc6 Rb8 14. Be4
Bb7 15. Bxb7 Rxb7 16. Rd1 Rc8 17. Rb1 e5 18. Bd2 e4 19. Rbc1 Rbc7 20. Rxc7 Rxc7
21. Rc1 Rxc1+ 22. Bxc1 f5 23. Kf1 Kf7 24. Ke1 Ke6 25. b3 Kd5 26. Bb2 Bf8 27. Kd1
a5 28. a3 a4 29. bxa4 Kc4 30. f3 Bc5 31. fxe4 fxe4 32. Kc2 h5 33. h3 Bd6 34. g4
Be7 35. gxh5 gxh5 36. Bc1 Bd6 37. Bb2 Bc5 38. Bc1 Bd6 39. Bb2 Bc7 40. Bc1 e3 41.
Bb2 Ba5 42. Ba1 Bb6 43. Bb2 Bd8 44. Bc1 Ba5 45. Bb2 Bd2 46. Ba1 Be1 47. Bb2 h4
48. Ba1 Ba5 49. Bb2 Bb6 50. Ba1 Bc7 51. Bb2 Ba5 52. Ba1 1/2-1/2

[Event "XXVII OOM - Mistrzostwa Polski Juniorow Mlodszych - Chlopcy do lat 14"]
[Site "ApartHotel Termy Uniejow, ul. Termalna 1, 99-210 Uniejow"]
[Date "1899-12-30"]
[Round "4.21"]
[White "Nagly, Wojciech"]
[Black "Partyka, Wiktor"]
[Result "0-1"]
[WhiteTitle "II"]
[BlackTitle "II"]
[WhiteElo "1514"]
[BlackElo "1254"]

1. e4 e6 2. d4 d5 3. exd5 exd5 4. c4 c6 5. Nc3 Nf6 6. Bg5 Be7 7. Nf3 O-O 8. Bd3
Be6 9. c5 b6 10. b4 h6 11. Bf4 Nbd7 12. O-O Re8 13. Qa4 b5 14. Qa6 Qc8 15. Qa3
a5 16. bxa5 Qa6 17. Bd2 Bd8 18. Nd1 Bxa5 19. Bxa5 Qxa5 20. Qb3 Bg4 21. Nh4 Qa4
22. Qb2 Nf8 23. Ne3 Bd7 24. Bc2 Qa3 25. Qxa3 Rxa3 26. Nhf5 Ne4 27. f3 Nc3 28.
Bb3 Ne2+ 29. Kf2 Bxf5 30. Kxe2 Bc2 31. Kf2 Bxb3 32. axb3 Rxb3 33. Rfb1 Rbxe3 34.
Ra6 Re2+ 35. Kg3 Rc8 36. f4 Ne6 37. Rd1 Re4 38. f5 Nxd4 39. Rf1 Nb3 40. f6 g6
41. Kh3 Nxc5 42. Ra7 d4 43. Rfa1 Na4 44. Kg3 Re6 45. Rf1 d3 46. Rd7 Rce8 47. h4
Nc5 48. Rd4 Ne4+ 49. Kh3 Rd6 50. Rxd6 Nxd6 51. Rd1 Ne4 52. Kh2 Rd8 53. g4 d2 54.
g5 h5 55. Kg2 Nc3 56. Rxd2 Rxd2+ 57. Kf3 Re2 58. Kf4 Re4+ 59. Kf3 b4 60. Kf2 b3
61. Kf3 b2 62. Kf2 b1=Q 63. Kf3 Qf1+ 64. Kg3 Rg4+ 65. Kh2 Qg2# 0-1

[Event "XXVII OOM - Mistrzostwa Polski Juniorow Mlodszych - Chlopcy do lat 14"]
[Site "ApartHotel Termy Uniejow, ul. Termalna 1, 99-210 Uniejow"]
[Date "1899-12-30"]
[Round "4.22"]
[White "Borowik, Karol"]
[Black "Sniadecki, Oskar"]
[Result "1/2-1/2"]
[WhiteTitle "II"]
[BlackTitle "I"]
[WhiteElo "1370"]
[BlackElo "1488"]

1. d4 d5 2. c4 e6 3. Nc3 Nf6 4. Bg5 Nbd7 5. Nf3 c6 6. e3 Qa5 7. Bxf6 Nxf6 8. Nd2
Be7 9. Bd3 O-O 10. O-O Qc7 11. h3 e5 12. dxe5 Qxe5 13. Nf3 Qd6 14. cxd5 Nxd5 15.
Nxd5 Qxd5 16. Qc2 h6 17. Rfd1 Qc5 18. Qe2 Bf6 19. Rab1 Be6 20. b3 Rfd8 21. Rdc1
Qd6 22. Rd1 Qe7 23. Nd4 Bxd4 24. exd4 Rd6 25. Bc4 Rad8 26. Qe5 Qd7 27. Rd2 Rxd4
28. Bxe6 Qxe6 29. Rxd4 Qxe5 30. Rxd8+ Kh7 31. Rbd1 Qb2 32. R8d2 Qa3 33. Rd7 b5
34. R7d2 a5 35. Rc2 b4 36. Rdc1 a4 37. Rxc6 Qxa2 38. bxa4 Qxa4 39. Rb6 1/2-1/2

[Event "XXVII OOM - Mistrzostwa Polski Juniorow Mlodszych - Chlopcy do lat 14"]
[Site "ApartHotel Termy Uniejow, ul. Termalna 1, 99-210 Uniejow"]
[Date "1899-12-30"]
[Round "4.23"]
[White "Jaworski, Tymon"]
[Black "Leszcz, Mateusz"]
[Result "1-0"]
[WhiteTitle "I"]
[BlackTitle "II"]
[WhiteElo "1616"]
[BlackElo "1386"]

1. e4 b6 2. d4 Bb7 3. Nc3 g6 4. f4 e6 5. Nf3 d5 6. e5 h5 7. Be3 Nh6 8. Qd2 Nf5
9. Bf2 c5 10. Bd3 Nc6 11. Ne2 Bh6 12. dxc5 bxc5 13. Bxc5 Nce7 14. Ned4 a6 15.
Nxf5 gxf5 16. O-O Ng6 17. Be3 Rg8 18. Nd4 Rb8 19. Rf2 Qh4 20. Raf1 Kd7 21. Nb3
Ke8 22. Nd4 Kd7 23. c4 dxc4 24. Bxc4 Ke8 25. Bd3 Nxf4 26. Bxf4 Bxf4 27. Rxf4 Qd8
28. Nf3 Qb6+ 29. Kh1 Bxf3 30. R4xf3 Qxb2 31. Qxb2 Rxb2 32. R3f2 Rb8 33. Bxa6 Ra8
34. Be2 Ra5 35. Bxh5 Rxe5 36. a4 Ke7 37. Ra2 Ra8 38. Rb1 Ra7 39. Kg1 Rc5 40. Be2
Rca5 41. Bb5 Rc7 42. Rd1 Rb7 43. Rad2 Kf6 44. Rd7 Rb8 45. Rd8 Rb6 46. R1d7 Ke5
47. Rxf7 Kf4 48. Kf2 Rbxb5 49. g3+ Ke4 50. axb5 Ra2+ 51. Kg1 Kf3 52. Rd3+ Kg4
53. Rg7+ Kh5 54. Rb3 Kh6 55. Rg8 Kh7 56. Re8 Ra1+ 57. Kg2 Ra2+ 58. Kh3 f4 59.
gxf4 Ra4 60. b6 Rxf4 61. b7 e5 62. b8=Q Rf6 63. Rh8+ 1-0

[Event "XXVII OOM - Mistrzostwa Polski Juniorow Mlodszych - Chlopcy do lat 14"]
[Site "ApartHotel Termy Uniejow, ul. Termalna 1, 99-210 Uniejow"]
[Date "1899-12-30"]
[Round "4.24"]
[White "Urban, Szymon"]
[Black "Kubik, Rafal"]
[Result "0-1"]
[WhiteTitle "II"]
[BlackTitle "I"]
[WhiteElo "1312"]
[BlackElo "1738"]

1. e4 c5 2. Nf3 d6 3. c3 Nf6 4. d3 Nc6 5. Be3 g6 6. Nbd2 Bg7 7. Be2 O-O 8. h3 a6
9. O-O b5 10. d4 Nd7 11. d5 Nce5 12. Rc1 Rb8 13. b3 Nxf3+ 14. Nxf3 Nb6 15. Nd2
Bd7 16. a3 Qc7 17. Qc2 Rfc8 18. c4 bxc4 19. Nxc4 Nxc4 20. Bxc4 Qb7 21. a4 Qb6
22. Bd2 f5 23. Rfe1 Re8 24. Qd3 fxe4 25. Qe2 a5 26. g4 Bd4 27. Qxe4 Rf8 28. Rf1
Rf7 29. Bc3 Bxc3 30. Rxc3 Rbf8 31. Rg3 Qd8 32. Qe3 Rf4 33. Qe2 R8f7 34. Kg2 Qf8
35. Bd3 Bc8 36. Bc4 Bb7 37. Rd3 R7f6 38. f3 Kh8 39. Qd1 h5 40. Qe2 Kg7 41. Qd1
Kg8 42. Kg3 Bc8 43. Rh1 Bd7 44. Rc3 Qg7 45. Qe1 Qf7 46. Qd1 Bc8 47. Rd3 Bd7 48.
Rc3 e5 49. dxe6 Bxe6 50. Be2 Rd4 51. Qc2 Bd5 52. Rf1 Qe6 53. Bc4 Bxc4 54. Rxc4
Qe5+ 55. Kg2 hxg4 56. hxg4 Re6 57. Rf2 Qd5 58. Rc3 Rxg4+ 59. Kf1 Rd4 60. Re2 Rd1+
61. Kf2 Qd4+ 62. Rce3 Qh4+ 63. Kg2 Qh1+ 64. Kg3 Rg1+ 0-1

[Event "XXVII OOM - Mistrzostwa Polski Juniorow Mlodszych - Chlopcy do lat 14"]
[Site "ApartHotel Termy Uniejow, ul. Termalna 1, 99-210 Uniejow"]
[Date "1899-12-30"]
[Round "4.25"]
[White "Borowik, Wojciech"]
[Black "Wasilewski, Stanislaw"]
[Result "1/2-1/2"]
[WhiteTitle "I+"]
[BlackTitle "II"]
[WhiteElo "1736"]
[BlackElo "1319"]

1. d4 Nf6 2. Nf3 e6 3. c4 b6 4. Bf4 Bb7 5. e3 d5 6. Nc3 Bb4 7. a3 Bxc3+ 8. bxc3
Nbd7 9. Bd3 O-O 10. O-O c5 11. Rc1 Rc8 12. cxd5 Nxd5 13. Bd6 Ne7 14. Re1 Nf6 15.
Bg3 Ng6 16. Ne5 Qe7 17. Qa4 a6 18. Nxg6 hxg6 19. Be5 b5 20. Qa5 cxd4 21. cxd4
Rfd8 22. f3 Nh5 23. Rc7 Rxc7 24. Qxc7 Rd7 25. Qc3 Kh7 26. Be2 f6 27. Bb8 Qd8 28.
Bg3 Nxg3 29. hxg3 Qb8 30. Kf2 Qd6 31. Qd3 f5 32. Rh1+ Kg8 33. Rc1 Kf7 34. Qc3
Bd5 35. Qb4 Qxb4 36. axb4 Kf6 37. f4 Ra7 38. Ra1 Ra8 39. Bd3 Bb7 40. Rc1 Rc8 41.
Rxc8 Bxc8 42. Be2 Bb7 43. g4 Bc6 44. g5+ Ke7 45. Bf3 Be4 46. Be2 Kd6 47. g4 Kc6
48. gxf5 gxf5 49. Ke1 1/2-1/2

[Event "XXVII OOM - Mistrzostwa Polski Juniorow Mlodszych - Chlopcy do lat 14"]
[Site "ApartHotel Termy Uniejow, ul. Termalna 1, 99-210 Uniejow"]
[Date "1899-12-30"]
[Round "4.26"]
[White "Garwacki, Kornel"]
[Black "Miler, Franciszek"]
[Result "0-1"]
[WhiteTitle "I"]
[BlackTitle "I"]
[WhiteElo "1478"]
[BlackElo "1517"]

1. c4 e5 2. Nc3 Nc6 3. g3 g6 4. Bg2 Bg7 5. e4 Nge7 6. Nge2 O-O 7. O-O d6 8. d3
f5 9. f4 Nd4 10. Be3 fxe4 11. dxe4 c5 12. h3 Be6 13. Nd5 Qd7 14. Kh2 Nec6 15.
Nec3 Rf7 16. Qd2 Raf8 17. Rf2 a6 18. Rb1 b5 19. b3 b4 20. Na4 Bxd5 21. Nb6 Qd8
22. Nxd5 Bh6 23. Rbf1 Ne7 24. fxe5 Bxe3 25. Qxe3 Rxf2 26. Rxf2 Rxf2 27. Qxf2 dxe5
28. Qf6 Nec6 29. Qxd8+ Nxd8 30. Nf6+ Kf7 31. Nd7 Ke6 32. Nxc5+ Kd6 33. Nd3 a5
34. Kg1 Ne2+ 35. Kf2 Nc3 36. Nc1 Ne6 37. Ke3 Nc5 38. Bf3 a4 39. h4 Nxa2 40. Nd3
Nxd3 41. Kxd3 Nc1+ 42. Kc2 Nxb3 43. Kb2 Kc5 44. Bg4 Kxc4 45. Be6+ Kd4 46. g4 Kxe4
47. g5 Nd4 48. Bg8 Nf3 49. Bxh7 Nxh4 50. Bg8 Kd4 51. Be6 e4 0-1

[Event "XXVII OOM - Mistrzostwa Polski Juniorow Mlodszych - Chlopcy do lat 14"]
[Site "ApartHotel Termy Uniejow, ul. Termalna 1, 99-210 Uniejow"]
[Date "1899-12-30"]
[Round "5.1"]
[White "Klimkowski, Jan"]
[Black "Fiszer, Bartosz"]
[Result "1/2-1/2"]
[WhiteTitle "FM"]
[BlackTitle "CM"]
[WhiteElo "2322"]
[BlackElo "2216"]

1. e4 c5 2. Nf3 Nc6 3. d4 cxd4 4. Nxd4 e5 5. Nb5 d6 6. N1c3 a6 7. Na3 Be7 8. Be3
Nf6 9. Nc4 b5 10. Nb6 Rb8 11. Nxc8 Qxc8 12. Be2 O-O 13. O-O b4 14. Nd5 Nxe4 15.
c3 Nf6 16. Nxf6+ Bxf6 17. Qxd6 e4 18. Qd5 Re8 19. Rac1 bxc3 20. bxc3 Rb2 21. Rfe1
h6 22. Qc4 Qe6 23. Qxe6 Rxe6 24. Bc4 Re8 25. Re2 Rxe2 26. Bxe2 a5 27. Bb5 Rc8
28. Bxc6 Rxc6 29. c4 Kf8 30. Kf1 Ke7 31. Ke2 Bb2 32. Rc2 Be5 33. g3 f5 34. f3
1/2-1/2

[Event "XXVII OOM - Mistrzostwa Polski Juniorow Mlodszych - Chlopcy do lat 14"]
[Site "ApartHotel Termy Uniejow, ul. Termalna 1, 99-210 Uniejow"]
[Date "1899-12-30"]
[Round "5.2"]
[White "Kejna, Piotr"]
[Black "Malek, Jan"]
[Result "0-1"]
[WhiteTitle "CM"]
[BlackTitle "I++"]
[WhiteElo "1682"]
[BlackElo "2097"]

1. e4 e5 2. Nf3 Nc6 3. Bc4 Nf6 4. d3 Bc5 5. c3 a6 6. Bb3 Ba7 7. Bg5 d6 8. Nbd2
h6 9. Bh4 Qe7 10. a4 Be6 11. O-O g5 12. Bg3 Nd7 13. Bxe6 Qxe6 14. Qb3 Nc5 15.
Qxe6+ Nxe6 16. Nc4 O-O-O 17. b4 Ne7 18. Ne3 Rdf8 19. Nd2 f5 20. Nxf5 Nxf5 21.
exf5 Rxf5 22. Rae1 h5 23. h3 Rhf8 24. d4 Kd7 25. d5 Nf4 26. Bxf4 exf4 27. c4 b5
28. axb5 axb5 29. Re4 g4 30. Kh1 bxc4 31. Nxc4 Rxd5 32. f3 gxh3 33. gxh3 Rd3 34.
Ra1 Bf2 35. Na5 Rxf3 36. Kg2 Re3 37. Rc4 Bh4 38. Rac1 Rg8+ 39. Kf1 Rxh3 40. Rxc7+
Ke6 41. R1c4 f3 0-1

[Event "XXVII OOM - Mistrzostwa Polski Juniorow Mlodszych - Chlopcy do lat 14"]
[Site "ApartHotel Termy Uniejow, ul. Termalna 1, 99-210 Uniejow"]
[Date "1899-12-30"]
[Round "5.3"]
[White "Meers, Hubert"]
[Black "Rog, Bartlomiej"]
[Result "0-1"]
[WhiteTitle "k"]
[BlackTitle "I++"]
[WhiteElo "2037"]
[BlackElo "1867"]

1. e4 d6 2. d4 Nf6 3. Nc3 g6 4. f4 Bg7 5. Nf3 O-O 6. Bd3 Nc6 7. e5 dxe5 8. fxe5
Nh5 9. Be4 Bg4 10. Be3 f6 11. exf6 Nxf6 12. Bxc6 bxc6 13. Qd3 Bxf3 14. gxf3 Nd5
15. Bd2 Nxc3 16. Bxc3 Qd5 17. Rf1 Rad8 18. b3 Qe6+ 19. Qe2 Qxe2+ 20. Kxe2 c5 21.
Ba5 cxd4 22. Kd3 Rf5 23. Bd2 Rdf8 24. Ke4 d3 25. c3 Re5+ 26. Kxd3 Rd8+ 27. Kc2
Re2 28. Rad1 Bh6 29. f4 e5 30. Kc1 Rxh2 31. Be3 Rxd1+ 32. Kxd1 Rxa2 33. Rf3 Bxf4
34. Bxf4 exf4 35. Rxf4 h5 36. Ke1 g5 37. Rc4 h4 38. Kf1 h3 39. Kg1 h2+ 40. Kh1
Kg7 41. Rxc7+ Kg6 42. Rc8 Rb2 43. c4 Kf5 44. Rh8 Rxb3 45. Kxh2 Kg4 46. Rd8 Rb2+
47. Kg1 Rb7 48. Kg2 Rc7 49. Rd4+ Kh5 50. Kg3 Rc5 51. Re4 a5 52. Kg2 Kg6 53. Kf3
Kf5 54. Rd4 a4 55. Ke3 a3 56. Rd3 Ra5 57. Rd1 a2 58. Ra1 Ke5 59. Kd3 Ra3+ 60.
Kc2 Kd4 61. Kb2 Ra8 62. Kb3 g4 63. Rd1+ Ke3 64. Ra1 g3 65. c5 g2 66. c6 Kf2 67.
c7 g1=Q 68. Rxa2+ Rxa2 0-1

[Event "XXVII OOM - Mistrzostwa Polski Juniorow Mlodszych - Chlopcy do lat 14"]
[Site "ApartHotel Termy Uniejow, ul. Termalna 1, 99-210 Uniejow"]
[Date "1899-12-30"]
[Round "5.4"]
[White "Herwy, Jakub"]
[Black "Krawczyk, Flawian"]
[Result "1-0"]
[WhiteTitle "I+"]
[BlackTitle "I++"]
[WhiteElo "1916"]
[BlackElo "1984"]

1. e4 e5 2. Bc4 Nf6 3. d3 c6 4. Qe2 Bb4+ 5. c3 Ba5 6. Nf3 Qe7 7. Nbd2 O-O 8. O-O
d5 9. Bb3 Bc7 10. Rd1 a5 11. Nf1 Na6 12. Ng3 Nc5 13. Bc2 dxe4 14. dxe4 Ne8 15.
Be3 b6 16. b4 axb4 17. cxb4 Ne6 18. Qc4 Nd6 19. Qxc6 Bb7 20. Qc3 Nb5 21. Qb2 Na3
22. Bd3 b5 23. Rac1 Rfd8 24. Bf1 Rxd1 25. Rxd1 Ra4 26. Nxe5 Qf6 27. Nd3 Qxb2 28.
Nxb2 Rxb4 29. Nd3 Rb1 30. Rxb1 Nxb1 31. f3 Bd6 32. Nf5 Bf8 33. Nd4 Nxd4 34. Bxd4
b4 35. Bc5 Bxc5+ 36. Nxc5 Bc8 37. Nd3 Be6 38. Nxb4 Nc3 39. a3 Bb3 40. Bd3 Kf8
41. Kf2 Ke7 42. Ke3 f6 43. Kd2 Na4 44. Bc2 Bxc2 45. Kxc2 Kd6 46. Kb3 Nc5+ 47.
Kc4 Na4 48. Nd3 g5 49. Kb4 Nb6 50. a4 h5 51. a5 Na8 52. Kb5 Kc7 53. Nb4 1-0

[Event "XXVII OOM - Mistrzostwa Polski Juniorow Mlodszych - Chlopcy do lat 14"]
[Site "ApartHotel Termy Uniejow, ul. Termalna 1, 99-210 Uniejow"]
[Date "1899-12-30"]
[Round "5.5"]
[White "Janeczko, Jakub"]
[Black "Paszkowski, Krystian"]
[Result "1-0"]
[WhiteTitle "I++"]
[BlackTitle "I+"]
[WhiteElo "1976"]
[BlackElo "1782"]

1. e4 c5 2. Nf3 Nc6 3. d4 cxd4 4. Nxd4 e5 5. Nb5 d6 6. N1c3 a6 7. Na3 Be6 8. Nc4
Rb8 9. Ne3 Nf6 10. g3 g6 11. Bg2 Bh6 12. O-O O-O 13. f4 exf4 14. gxf4 b5 15. Rf2
Qb6 16. Ncd5 Bxd5 17. Nxd5 Nxd5 18. Qxd5 Bg7 19. c3 b4 20. Bd2 Rbc8 21. Raf1 Qb5
22. f5 gxf5 23. exf5 Be5 24. f6 bxc3 25. bxc3 Kh8 26. Bh6 Qxd5 27. Bxd5 Rg8+ 28.
Bg7+ Rxg7+ 29. fxg7+ Bxg7 30. Rxf7 Bxc3 31. Rf8+ Rxf8 32. Rxf8+ Kg7 33. Rg8+ Kf6
34. Bxc6 1-0

[Event "XXVII OOM - Mistrzostwa Polski Juniorow Mlodszych - Chlopcy do lat 14"]
[Site "ApartHotel Termy Uniejow, ul. Termalna 1, 99-210 Uniejow"]
[Date "1899-12-30"]
[Round "5.7"]
[White "Kazmierowski, Tymon"]
[Black "Maslanka, Wojciech"]
[Result "0-1"]
[WhiteTitle "I+"]
[BlackTitle "I"]
[WhiteElo "1782"]
[BlackElo "1943"]

1. e4 c5 2. Nf3 d6 3. d4 cxd4 4. Nxd4 Nf6 5. Nc3 a6 6. Be3 e5 7. Nb3 Be6 8. f3
h5 9. Nd5 Bxd5 10. exd5 Nbd7 11. Be2 g6 12. O-O Bg7 13. Qd2 O-O 14. Na5 Qc7 15.
c4 e4 16. f4 Ng4 17. Bxg4 hxg4 18. Rac1 Nc5 19. b4 Nd3 20. Rc2 Rad8 21. Nb3 Rc8
22. a3 Rfd8 23. Nc1 b5 24. Nxd3 exd3 25. Qxd3 bxc4 26. Qd1 Re8 27. Bd4 f5 28.
Bxg7 Qxg7 29. Re2 Rxe2 30. Qxe2 Qd4+ 31. Kh1 Qxd5 32. Rd1 Qe4 33. Qd2 d5 34. Re1
c3 35. Qf2 c2 36. Rc1 d4 37. Qh4 Qe3 0-1

[Event "XXVII OOM - Mistrzostwa Polski Juniorow Mlodszych - Chlopcy do lat 14"]
[Site "ApartHotel Termy Uniejow, ul. Termalna 1, 99-210 Uniejow"]
[Date "1899-12-30"]
[Round "5.8"]
[White "Kutowski, Marcel"]
[Black "Zalega, Maciej"]
[Result "0-1"]
[WhiteTitle "I"]
[BlackTitle "I"]
[WhiteElo "1712"]
[BlackElo "1841"]

1. e4 c5 2. Nf3 Nc6 3. d4 cxd4 4. Nxd4 Nf6 5. Nc3 d6 6. f3 e5 7. Nb3 Be7 8. Be3
O-O 9. Qd2 Be6 10. O-O-O a5 11. Bb5 Qb8 12. Kb1 Rc8 13. a3 Na7 14. Bxa7 Rxa7 15.
a4 Qc7 16. g4 Raa8 17. h4 Nd7 18. g5 Nb6 19. Qd3 Bc4 20. Bxc4 Qxc4 21. Qxc4 Rxc4
22. Nd2 Rxc3 23. bxc3 Nxa4 24. Rde1 Nxc3+ 25. Kb2 Na4+ 26. Ka3 b5 27. Rb1 d5+
28. Kb3 Rc8 29. c4 dxc4+ 30. Kc2 Bb4 31. Ra1 Nc5 32. Rab1 Rd8 33. Rhd1 Rd3 34.
Nf1 Rc3+ 35. Kd2 Nb3+ 36. Ke2 Rc2+ 0-1

[Event "XXVII OOM - Mistrzostwa Polski Juniorow Mlodszych - Chlopcy do lat 14"]
[Site "ApartHotel Termy Uniejow, ul. Termalna 1, 99-210 Uniejow"]
[Date "1899-12-30"]
[Round "5.9"]
[White "Demski, Michal"]
[Black "Krasniewski, Maciej"]
[Result "1-0"]
[WhiteTitle "I+"]
[BlackTitle "I"]
[WhiteElo "1768"]
[BlackElo "1572"]

1. d4 Nf6 2. Bf4 g6 3. Nc3 Bg7 4. e4 d6 5. Qd2 O-O 6. O-O-O c6 7. f3 Qa5 8. Kb1
e5 9. dxe5 dxe5 10. Nd5 Qxd2 11. Nxf6+ Bxf6 12. Bxd2 Be6 13. Bc3 Nd7 14. Ne2 Rfd8
15. Nc1 Nc5 16. Nd3 Bc4 17. Be2 Bxd3 18. Bxd3 Nxd3 19. Rxd3 Rxd3 20. cxd3 Rd8
21. Kc2 Bg7 22. g3 Kf8 23. Rf1 Ke7 24. f4 f6 25. g4 exf4 26. Rxf4 Ke6 27. Rf3
Rd7 28. h4 h6 29. h5 gxh5 30. gxh5 Rd8 31. Rg3 Kf7 32. Rg6 Rg8 33. Kb3 b5 34.
Bd2 Rh8 35. Be3 a5 36. Kc3 f5+ 37. Rxg7+ Kxg7 38. Bd4+ Kh7 39. Bxh8 Kxh8 40. exf5
Kg7 41. Kd4 Kf6 42. Ke4 c5 43. Kf4 c4 44. dxc4 bxc4 45. a4 c3 46. bxc3 Kf7 47.
Ke5 Ke7 48. c4 1-0